000 00834nam a22002777a 4500
001 BR2017002463
003 BR-BrBNA
005 20230928105142.0
007 ta
008 230509b bl.||||| |||| 00| 0 por d
040 _aBR-BrBNA
_bpor
_cBiblioteca Nacional de Agricultura
041 _a(Por)
072 _aK50
_b8915
_b3240
090 _ 8915 BR2017002463
100 1 _aRezende, B.A.
110 1 _aUniversidade Federal de Lavras, MG (Brasil)
_0Tese (Doutorado)
245 1 _aSeleção genômica ampla para volume e qualidade da madeira em eucalipto
260 3 _aLavras, MG (Brasil):
_c2015.
300 _a74 p.
500 _aSummaries (Eng, Por); Bibliography p. 64-74; 5 tables; 5 illus.
650 _aMADEIRA
650 _aEUCALIPTO
650 _aQUALIDADE
909 _a202309
_bLucia
_c55
_dLucia Elande
942 _cBK
999 _c83713
_d83713